Statistieken voor beste spelers van psv ooit

Klik hier om de quiz te nemen!

Algemene statistieken

  • Deze quiz is 51 keer genomen
  • De gemiddelde score is 4 van 10

Antwoordstatistieken

HintAntwoord% Correct
rronaldo
81%
rromario
67%
vvan nistelrooij
54%
ggullit
38%
vvan bommel
38%
ccocu
33%
vvan der kuijlen
33%
nnilis
29%
vvan aerle
13%
vvan beveren
10%

Scoreverdeling

Percentiel versus Aantal Correcte Antwoorden

Procent van Mensen met Elke Score

Uw Scoregeschiedenis

U heeft deze quiz nog niet genomen